[Event "Coupe 2000 Phase Ligue"]
[Site "?"]
[Date "2003.02.23"]
[Round "1.11"]
[White "Pardon, Francois"]
[Black "Covolo, Thierry"]
[Result "0-1"]
[WhiteElo "1700"]
[BlackElo "1960"]
[PlyCount "66"]
[EventDate "2003.??.??"]

{MEXIMIEUX	                  BRON	 	  PARDON     F 1700	  0-1	 COVOLO T 1960	 
 ERB              Y 1720	  0-1	 BURDET  F 1950	  MONTOYA A 1700	  0-1	 FOUR   
P 1870	  BASTION    G 1760	  0-1	 NOHARET M 1860	    } 1. e4 c5 2. Nf3 d6 3. d4
cxd4 4. Nxd4 Nf6 5. Nc3 a6 6. Be2 e5 7. Nf3 h6 8. a4 Be6 9. O-O Nbd7 10. h3 Be7
11. Nh2 O-O 12. f4 exf4 13. Rxf4 Ne5 14. Qe1 d5 15. exd5 Bxd5 16. Be3 Bd6 17.
Rxf6 Qxf6 18. Nxd5 Qe6 19. c4 Rfe8 20. Qf2 Rac8 21. b3 Nxc4 22. Bxc4 Bxh2+ 23.
Kxh2 Qe5+ 24. Qf4 Qxa1 25. Bd4 Qb1 26. Nb6 Rxc4 27. Nxc4 Qxb3 28. Nd6 Rd8 29.
Qe5 f6 30. Qe7 Rf8 31. Nxb7 Rf7 32. Qe8+ Rf8 33. Qe6+ Qxe6 0-1

[Event "Coupe 2000 Phase Ligue"]
[Site "?"]
[Date "2003.02.23"]
[Round "1.12"]
[White "Burdet, Francois"]
[Black "Erb, Yves"]
[Result "1-0"]
[WhiteElo "1950"]
[BlackElo "1720"]
[PlyCount "67"]
[EventDate "2003.??.??"]

{MEXIMIEUX	                  BRON	 	  PARDON     F 1700	  0-1	 COVOLO T 1960	 
 ERB              Y 1720	  0-1	 BURDET  F 1950	  MONTOYA A 1700	  0-1	 FOUR   
P 1870	  BASTION    G 1760	  0-1	 NOHARET M 1860	    } 1. d4 d5 2. c4 e6 3. Nc3
Nf6 4. Nf3 b6 5. Bf4 Nbd7 6. Nb5 Bb4+ 7. Nd2 e5 8. dxe5 Nh5 9. e3 Nxf4 10. exf4
a6 11. Nd4 Bb7 12. a3 Bxd2+ 13. Qxd2 Nc5 14. O-O-O Qd7 15. b4 Na4 16. f5 O-O-O
17. cxd5 Qxd5 18. e6 fxe6 19. Nxe6 Qc6+ 20. Qc2 Qxc2+ 21. Kxc2 Be4+ 22. Kb3 b5
23. Rxd8+ Rxd8 24. Nxd8 Kxd8 25. Bd3 Bd5+ 26. Kc2 Ke7 27. Re1+ Kf7 28. g4 Nb6
29. h4 Nd7 30. g5 Nf8 31. a4 c6 32. axb5 cxb5 33. Ra1 Bb7 34. Bxb5 1-0

[Event "Coupe 2000 Phase Ligue"]
[Site "?"]
[Date "2003.02.23"]
[Round "1.13"]
[White "Montoya, Alain"]
[Black "Four, Pierrick"]
[Result "0-1"]
[WhiteElo "1700"]
[BlackElo "1870"]
[PlyCount "58"]
[EventDate "2003.??.??"]

{MEXIMIEUX	                  BRON	 	  PARDON     F 1700	  0-1	 COVOLO T 1960	 
 ERB              Y 1720	  0-1	 BURDET  F 1950	  MONTOYA A 1700	  0-1	 FOUR   
P 1870	  BASTION    G 1760	  0-1	 NOHARET M 1860	    } 1. e4 e5 2. Nf3 Nc6 3.
Bc4 Nf6 4. Ng5 d5 5. exd5 b5 6. Bxb5 Qxd5 7. Bf1 Bc5 8. Nc3 Qd7 9. Bb5 Bb7 10.
d3 O-O 11. Be3 Bb4 12. a3 Bxc3+ 13. bxc3 Qd5 14. Bc4 Qxg2 15. Kd2 Na5 16. Ba2
Qxh1 17. Qxh1 Bxh1 18. Rxh1 h6 19. Nf3 Ng4 20. Bc5 Rfe8 21. Rg1 Nf6 22. Nh4
Rad8 23. Kc1 e4 24. Nf5 exd3 25. Rxg7+ Kh8 26. Bxf7 d2+ 27. Kb2 Rb8+ 28. Bb4
d1=Q 29. Rg6 Re1 0-1

[Event "Coupe 2000 Phase Ligue"]
[Site "?"]
[Date "2003.02.23"]
[Round "1.14"]
[White "Noharet, Michael"]
[Black "Bastion, Gilles"]
[Result "1-0"]
[WhiteElo "1860"]
[BlackElo "1760"]
[PlyCount "105"]
[EventDate "2003.??.??"]

{MEXIMIEUX	                  BRON	 	  PARDON     F 1700	  0-1	 COVOLO T 1960	 
 ERB              Y 1720	  0-1	 BURDET  F 1950	  MONTOYA A 1700	  0-1	 FOUR   
P 1870	  BASTION    G 1760	  0-1	 NOHARET M 1860	    } 1. Nf3 d5 2. b3 Nf6 3.
Bb2 e6 4. e3 Be7 5. Be2 O-O 6. O-O Nbd7 7. c4 c6 8. Ne1 Ne8 9. f4 f5 10. Rf3
Bf6 11. d4 c5 12. Nc3 cxd4 13. exd4 Nb6 14. c5 Nd7 15. Re3 Nc7 16. Nf3 Rf7 17.
Qc2 a6 18. Na4 Kh8 19. Rc1 g5 20. Nxg5 Bxg5 21. fxg5 f4 22. g6 hxg6 23. Qxg6
Rg7 24. Qh6+ Kg8 25. Qxf4 Nf6 26. Nb6 Rb8 27. Rg3 Qe7 28. Rf1 Rxg3 29. Qxg3+
Qg7 30. Rxf6 Ne8 31. Qxg7+ Kxg7 32. Rf3 Nf6 33. Bd3 Bd7 34. Rxf6 Bb5 35. Bxb5
Kxf6 36. Nd7+ Kf5 37. Nxb8 axb5 38. Nd7 b4 39. h4 Kg4 40. g3 Kh5 41. Kf2 Kg4
42. Ne5+ Kh5 43. Kf3 Kh6 44. g4 Kg7 45. g5 Kh7 46. h5 Kg7 47. h6+ Kh7 48. Kg4
Kg8 49. g6 Kh8 50. Nf7+ Kg8 51. h7+ Kg7 52. h8=Q+ Kxg6 53. Ne5# 1-0

[Event "Coupe 2000 Phase Ligue"]
[Site "?"]
[Date "2003.02.23"]
[Round "1.21"]
[White "Valla, Nicolas"]
[Black "Darcet, Bruno"]
[Result "0-1"]
[WhiteElo "1990"]
[BlackElo "1730"]
[PlyCount "46"]
[EventDate "2003.??.??"]

{SAINT-CHAMOND I          GENAS  VALLA     N     1990  0-1   DARCET       B 
1730  BEDNAR  E      1970  1-0   ALVAREZ  S  1980  BELLON   Y     1860  1-0  
DUBOIS    H  1880  MUJIC       S      1770  X-X   COUHERT A  1730    } 1. e4 e6
2. d4 d5 3. Nc3 Bb4 4. a3 Be7 5. e5 c5 6. Qg4 g6 7. Nf3 Bd7 8. Bd3 Nc6 9. O-O
c4 10. Be2 Qb6 11. Bd2 h5 12. Qf4 O-O-O 13. b4 Nh6 14. Na4 Qb5 15. Nc5 g5 16.
Nxg5 Bxg5 17. Qxg5 Nxd4 18. Bd1 Rdg8 19. Qf6 Ng4 20. Qf4 Nc6 21. a4 Qb6 22. Bc3
Rh7 23. h3 Nh6 0-1

[Event "Coupe 2000 Phase Ligue"]
[Site "?"]
[Date "2003.02.23"]
[Round "1.22"]
[White "Alvarez, Stephane"]
[Black "Bednar, Emile"]
[Result "0-1"]
[WhiteElo "1980"]
[BlackElo "1970"]
[PlyCount "86"]
[EventDate "2003.??.??"]

{SAINT-CHAMOND I          GENAS  VALLA     N     1990  0-1   DARCET       B 
1730  BEDNAR  E      1970  1-0   ALVAREZ  S  1980  BELLON   Y     1860  1-0  
DUBOIS    H  1880  MUJIC       S      1770  X-X   COUHERT A  1730    } 1. e4
Nc6 2. Nf3 e5 3. Bc4 Bc5 4. c3 Nf6 5. d4 exd4 6. cxd4 Bb4+ 7. Nc3 O-O 8. Bg5
Be7 9. e5 Ne8 10. h4 h6 11. Qc2 d6 12. O-O-O Nb4 13. Qe4 c6 14. Bxe7 Qxe7 15.
d5 cxd5 16. Nxd5 Nxd5 17. Bxd5 dxe5 18. Qxe5 Qf6 19. Kb1 Qxe5 20. Nxe5 Nf6 21.
Bb3 21... Bf5+ {(nulle ?)} 22. Ka1 Ng4 23. Nxg4 Bxg4 24. f3 Bf5 25. g4 Be6 26.
Bxe6 fxe6 27. Rhf1 Rf7 28. a3 Raf8 29. Rd3 e5 30. Re3 e4 31. Rxe4 Rxf3 32. Rxf3
Rxf3 33. g5 hxg5 34. hxg5 Kf7 35. Ra4 a6 36. Rb4 b5 37. Rd4 Ke7 38. Rg4 Rf5 39.
a4 Kf7 40. axb5 axb5 41. g6+ Kf6 42. Kb1 Rg5 43. Rf4+ Kxg6 0-1

[Event "Coupe 2000 Phase Ligue"]
[Site "?"]
[Date "2003.02.23"]
[Round "1.23"]
[White "Bellon, Yves"]
[Black "Dubois, Herve"]
[Result "1-0"]
[WhiteElo "1860"]
[BlackElo "1880"]
[PlyCount "57"]
[EventDate "2003.??.??"]

{SAINT-CHAMOND I          GENAS  VALLA     N     1990  0-1   DARCET       B 
1730  BEDNAR  E      1970  1-0   ALVAREZ  S  1980  BELLON   Y     1860  1-0  
DUBOIS    H  1880  MUJIC       S      1770  X-X   COUHERT A  1730    } 1. c4 c5
2. Nf3 Nf6 3. d4 cxd4 4. Nxd4 g6 5. Nc3 Bg7 6. e4 d6 7. f3 O-O 8. Be3 Nc6 9.
Qd2 a6 10. Be2 Bd7 11. O-O Rc8 12. Rac1 Qe8 13. b3 Kh8 14. Na4 Nxd4 15. Bxd4
Bxa4 16. bxa4 Qxa4 17. Rb1 Rc7 18. Rb4 Qd7 19. Rfb1 Rfc8 20. Qb2 b5 21. e5 dxe5
22. Bxe5 Ne8 23. Bxg7+ Nxg7 24. cxb5 Rc2 25. Qe5 axb5 26. Rxb5 Qa7+ 27. Kh1
Rc1+ 28. Bf1 Qf2 29. Rxc1 1-0

[Event "Coupe 2000 Phase Ligue"]
[Site "?"]
[Date "2003.??.23"]
[Round "1.24"]
[White "Couhert, Alexandre"]
[Black "Mujic, Saban"]
[Result "1/2-1/2"]
[WhiteElo "1730"]
[BlackElo "1770"]
[PlyCount "114"]
[EventDate "2003.??.??"]

{SAINT-CHAMOND I          GENAS  VALLA     N     1990  0-1   DARCET       B 
1730  BEDNAR  E      1970  1-0   ALVAREZ  S  1980  BELLON   Y     1860  1-0  
DUBOIS    H  1880  MUJIC       S      1770  X-X   COUHERT A  1730    } 1. e4 c5
2. Nf3 d6 3. d4 cxd4 4. Nxd4 Nc6 5. Bb5 Bd7 6. Nxc6 Bxc6 7. Bxc6+ bxc6 8. O-O
Nf6 9. Nc3 e6 10. Re1 Be7 11. b3 O-O 12. Bb2 e5 13. Qf3 Qd7 14. h3 Ne8 15. Rad1
Qe6 16. Qg3 Qg6 17. Qxg6 fxg6 18. Bc1 g5 19. Be3 Nc7 20. Ne2 h6 21. Ng3 g6 22.
Nh1 Kg7 23. f3 c5 24. Nf2 Nb5 25. Rd3 a5 26. a4 Nc7 27. Ng4 h5 28. Nf2 Na6 29.
c3 Rab8 30. Rb1 Nc7 31. c4 Ne6 32. Bd2 Ra8 33. Rd1 Ra6 34. Rf1 Rb8 35. Be3 Kf7
36. g4 h4 37. Rb1 Rab6 38. Nd1 Ke8 39. Kf2 Nd4 40. Bxd4 exd4 41. Ke2 Kd7 42.
Kd2 Rb4 43. Kc2 Bf6 44. Nf2 Be5 45. Re1 Rf8 46. Re2 Rbb8 47. Nd1 Rf7 48. Rf2
Bg3 49. Rf1 Rbf8 50. Kd2 Re8 51. Rg1 Bf4+ 52. Kc2 Ref8 53. Rf1 Be5 54. Kd2 Bg3
55. Kc2 Re8 56. Rg1 Rf4 57. Kd2 Rf7 1/2-1/2

[Event "Coupe 2000 Phase Ligue"]
[Site "?"]
[Date "2003.02.23"]
[Round "1.32"]
[White "Roussel, Pierre-Olivier"]
[Black "Mas, Bernard"]
[Result "1-0"]
[WhiteElo "1820"]
[BlackElo "1650"]
[PlyCount "125"]
[EventDate "2003.??.??"]

{CASCOL                             CORBAS  VINCENT J-C   1860  0-1   ALMAGRO
L   1947  MAS             B   1650  0-1   ROUSSEL P-O   1820  FAYOLLE    V  
1620  0-1   TARTARIN D   1800  GROS            E   1460  0-1   AGIER          
J-L   1820    } 1. e4 c6 2. d4 d5 3. Nc3 dxe4 4. Nxe4 e6 5. Nf3 h6 6. Bf4 Be7
7. Bc4 Nf6 8. Nxf6+ Bxf6 9. Be5 Nd7 10. Bxf6 Nxf6 11. O-O O-O 12. Re1 b5 13.
Bb3 a5 14. a4 b4 15. Qe2 Re8 16. Rad1 Qc7 17. Qe5 Qxe5 18. dxe5 Nd5 19. Nd2 Bb7
20. Ne4 Red8 21. Rd2 Nf4 22. Red1 Rxd2 23. Rxd2 Ba6 24. g3 Ne2+ 25. Kg2 Nc1 26.
Rd7 Nxb3 27. cxb3 Rb8 28. Nd6 c5 29. Nxf7 Bb7+ 30. Kf1 Bd5 31. Nd6 Bxb3 32. Rc7
Bxa4 33. Rxc5 Ra8 34. Nb7 b3 35. Rxa5 Rb8 36. Nd6 Bc6 37. Rc5 Bd5 38. Rc8+ Rxc8
39. Nxc8 g5 40. Ke2 h5 41. Ke3 Kg7 42. Nb6 Bb7 43. Kd4 Kg6 44. Nd7 Kf5 45. Nc5
Bd5 46. h3 Bg2 47. Nxb3 Bxh3 48. Nd2 Bg2 49. Nc4 h4 50. gxh4 gxh4 51. Ne3+ Kg5
52. Nxg2 h3 53. f4+ Kg4 54. Ne3+ Kg3 55. b4 Kf2 56. Ng4+ Kg3 57. Ne3 Kf2 58. b5
Kg1 59. Ng4 Kg2 60. b6 Kg3 61. Ne3 Kf3 62. b7 h2 63. b8=Q 1-0

[Event "Coupe 2000 Phase Ligue"]
[Site "?"]
[Date "2003.02.23"]
[Round "1.33"]
[White "Fayolle, Vincent"]
[Black "Tartarin, Didier"]
[Result "0-1"]
[WhiteElo "1620"]
[BlackElo "1800"]
[PlyCount "86"]
[EventDate "2003.??.??"]

{CASCOL                             CORBAS  VINCENT J-C   1860  0-1   ALMAGRO
L   1947  MAS             B   1650  0-1   ROUSSEL P-O   1820  FAYOLLE    V  
1620  0-1   TARTARIN D   1800  GROS            E   1460  0-1   AGIER          
J-L   1820    } 1. d4 d5 2. Nf3 Nf6 3. e3 Nbd7 4. Bd3 e6 5. Nbd2 c5 6. c3 Bd6
7. O-O O-O 8. e4 dxe4 9. Nxe4 Be7 10. Qc2 b6 11. dxc5 Nxc5 12. Nxc5 Bxc5 13.
Bg5 h6 14. Bh4 Bb7 15. Rad1 Qe7 16. Ne5 g5 17. Bg3 Rad8 18. Qe2 a5 19. h4 Kg7
20. Ng4 Nxg4 21. Qxg4 f5 22. Be5+ Kg6 23. Qg3 h5 24. hxg5 Qxg5 25. Qxg5+ Kxg5
26. Rfe1 Rg8 27. Kh2 Bxf2 28. Re2 Bc5 29. Bc2 Rxd1 30. Bxd1 Rd8 31. Bb3 Bd5 32.
Bxd5 Rxd5 33. Bg3 f4 34. Be1 Be3 35. Bf2 Bxf2 36. Rxf2 h4 37. Re2 e5 38. Kg1
Kf5 39. Kf2 Rd3 40. Rc2 e4 41. Re2 h3 42. gxh3 Rxh3 43. Kg2 f3+ 0-1

[Event "Coupe 2000 Phase Ligue"]
[Site "?"]
[Date "2003.02.23"]
[Round "1.34"]
[White "Agier, Jean-Luc"]
[Black "Gros, Eddie"]
[Result "1-0"]
[WhiteElo "1820"]
[BlackElo "1460"]
[PlyCount "92"]
[EventDate "2003.??.??"]

{CASCOL                             CORBAS  VINCENT J-C   1860  0-1   ALMAGRO
L   1947  MAS             B   1650  0-1   ROUSSEL P-O   1820  FAYOLLE    V  
1620  0-1   TARTARIN D   1800  GROS            E   1460  0-1   AGIER          
J-L   1820    } 1. e4 d6 2. d4 e6 3. Nc3 a6 4. a4 b6 5. Nf3 h6 6. Bd3 g6 7. Be3
Bg7 8. Qd2 Ne7 9. O-O Nbc6 10. Ne2 e5 11. d5 Nb8 12. Ne1 Nd7 13. b4 Nf6 14. f3
g5 15. c4 Ng6 16. Rc1 Bd7 17. Bc2 Nh5 18. Nd3 Nhf4 19. Ndxf4 exf4 20. Bd4 Ne5
21. Bb3 h5 22. Rc2 f6 23. Rfc1 Rc8 24. c5 Ke7 25. c6 Be8 26. Kh1 Ra8 27. Bf2
Rc8 28. Nd4 Bg6 29. Qe2 Ra8 30. Ne6 Qc8 31. Nxg7 Kf7 32. Ne6 h4 33. h3 Rh6 34.
Bd4 Kg8 35. Bxe5 fxe5 36. Nxg5 Bh5 37. Ne6 Rg6 38. Rg1 Rg3 39. Bc4 Kf7 40. Ra1
Qb8 41. Bxa6 Qg8 42. Nxc7 Bxf3 43. Qf2 Rxh3+ 44. Kg1 Bxe4 45. Nxa8 Bxc2 46.
Qxc2 Qg5 1-0

[Event "Coupe 2000 Phase Ligue"]
[Site "?"]
[Date "2003.02.23"]
[Round "1.41"]
[White "Burtin, Laurent"]
[Black "Pupier, Terry"]
[Result "1-0"]
[WhiteElo "1930"]
[BlackElo "1780"]
[PlyCount "81"]
[EventDate "2003.??.??"]

{MONTREVEL                       SAINT-CHAMOND II  BURTIN                L  
1930  1-0  PUPIER T   1780  WLASSEWITCH S   1920  X-X  DEQUIDT A   1660 
 CHEBANCE         B   1890  1-0  FARGE D   1260  SAINT-SULPICE X   1620  0-1 
VINOT R   1390    } 1. e4 c6 2. Bc4 d5 3. exd5 cxd5 4. Bb3 e6 5. d4 Nc6 6. c3
Nf6 7. Nf3 Qd7 8. Bg5 Be7 9. Nbd2 O-O 10. O-O Ng4 11. Bxe7 Qxe7 12. Re1 Qc7 13.
h3 Nf6 14. Bc2 Re8 15. Ne5 Nxe5 16. dxe5 Nd7 17. Nf3 g6 18. Qd2 Kg7 19. Rad1 b6
20. Qf4 h6 21. Nd4 Ba6 22. h4 Rac8 23. h5 g5 24. Qe3 Nf8 25. f4 Qe7 26. Rd2 Nh7
27. b4 Bc4 28. Bb1 b5 29. Rf2 g4 30. f5 Qg5 31. f6+ Kh8 32. Qxg5 Nxg5 33. Rf4
g3 34. Rg4 Rg8 35. Rxg3 Nf3+ 36. Rxf3 Rg5 37. Ree3 Rcg8 38. g3 Rxh5 39. Nc6 a6
40. Ne7 Rgg5 41. Nc6 1-0

[Event "Coupe 2000 Phase Ligue"]
[Site "?"]
[Date "2003.02.23"]
[Round "1.42"]
[White "Dequidt, Adrien"]
[Black "Wlassewitch, Sylvain"]
[Result "1/2-1/2"]
[WhiteElo "1660"]
[BlackElo "1920"]
[PlyCount "65"]
[EventDate "2003.??.??"]

{MONTREVEL                       SAINT-CHAMOND II  BURTIN                L  
1930  1-0  PUPIER T   1780  WLASSEWITCH S   1920  X-X  DEQUIDT A   1660 
 CHEBANCE         B   1890  1-0  FARGE D   1260  SAINT-SULPICE X   1620  0-1 
VINOT R   1390    } 1. d4 b6 2. e4 Bb7 3. Nd2 e6 4. Ngf3 c5 5. c3 cxd4 6. Nxd4
Bc5 7. Bd3 Nc6 8. N2b3 Be7 9. Bf4 Nf6 10. Qe2 Nxd4 11. Nxd4 O-O 12. e5 Nd5 13.
Bd2 Bg5 14. O-O Bxd2 15. Qxd2 Qh4 16. Nf3 Qg4 17. h3 Qf4 18. Rfe1 Qxd2 19. Nxd2
Nf4 20. Be4 Bxe4 21. Rxe4 Nd3 22. b3 Rfd8 23. Nc4 Rac8 24. Re3 b5 25. Nd6 Rxc3
26. Nxb5 Rc5 27. Rxd3 Rxb5 28. f4 f6 29. Rad1 Rb7 30. Rd6 Kf7 31. Kf2 Ke7 32.
Kf3 Rb5 33. Ke4 1/2-1/2

[Event "Coupe 2000 Phase Ligue"]
[Site "?"]
[Date "2003.02.23"]
[Round "1.43"]
[White "Chebance, Benoit"]
[Black "Farge, Damien"]
[Result "1-0"]
[WhiteElo "1890"]
[BlackElo "1260"]
[PlyCount "53"]
[EventDate "2003.??.??"]

{MONTREVEL                       SAINT-CHAMOND II  BURTIN                L  
1930  1-0  PUPIER T   1780  WLASSEWITCH S   1920  X-X  DEQUIDT A   1660 
 CHEBANCE         B   1890  1-0  FARGE D   1260  SAINT-SULPICE X   1620  0-1 
VINOT R   1390    } 1. e4 e5 2. Nf3 Nc6 3. d4 f6 4. Bc4 Nge7 5. dxe5 fxe5 6.
Ng5 d5 7. exd5 Na5 8. Bb5+ c6 9. dxc6 Qxd1+ 10. Kxd1 bxc6 11. Ba4 h6 12. Ne4
Bg4+ 13. f3 O-O-O+ 14. Ke2 Bf5 15. Nbc3 Nd5 16. Bb3 Nxb3 17. axb3 Nxc3+ 18.
bxc3 Kb7 19. Be3 Ra8 20. Rhd1 Be7 21. Ra5 Bf6 22. Nd6+ Kc7 23. Nxf5 g6 24. Ng3
Kb7 25. Ne4 Be7 26. Nc5+ Kb6 27. Ra6+ 1-0

[Event "Coupe 2000 Phase Ligue"]
[Site "?"]
[Date "2003.02.23"]
[Round "1.44"]
[White "Vinot, Raoul"]
[Black "Saint-Sulpice, Xavier"]
[Result "1-0"]
[WhiteElo "1390"]
[BlackElo "1620"]
[PlyCount "49"]
[EventDate "2003.??.??"]

{MONTREVEL                       SAINT-CHAMOND II  BURTIN                L  
1930  1-0  PUPIER T   1780  WLASSEWITCH S   1920  X-X  DEQUIDT A   1660 
 CHEBANCE         B   1890  1-0  FARGE D   1260  SAINT-SULPICE X   1620  0-1 
VINOT R   1390    } 1. d4 b6 2. c4 Bb7 3. Nc3 e6 4. e4 Bb4 5. Qg4 g6 6. Bg5 f6
7. Bd2 Ne7 8. Bd3 f5 9. Qh4 Nbc6 10. Nf3 d6 11. a3 Bxc3 12. Bxc3 Qd7 13. d5 Ne5
14. Nxe5 dxe5 15. Bxe5 O-O 16. O-O Rae8 17. b4 Nc8 18. Rad1 exd5 19. f4 dxe4
20. Bxe4 Qa4 21. Bxb7 Qxa3 22. Bd5+ Rf7 23. Bxf7+ Kxf7 24. Qf6+ Kg8 25. Qg7#
1-0

[Event "Coupe 2000 Phase Ligue"]
[Site "?"]
[Date "2003.02.23"]
[Round "1.51"]
[White "Breinl, Alix"]
[Black "Kizilian, Emmanuel"]
[Result "0-1"]
[WhiteElo "1499"]
[BlackElo "1870"]
[PlyCount "58"]
[EventDate "2003.??.??"]

{PARTIES AU SYSTEME MOLTER  BREINL A   1499  0-1   KIZILIAN E   1870  DAVARD C
1650  0-1   VALET G   1750  VALJAN B   1740  X-X   BION N   1470  BARNES P  
1490  0-1   CHABAS J-L   1630  MIALON F   1280  0-1   MURER J   1300  FORFAIT 
0F-1F   DORAN N   1470    } 1. d4 e6 2. c4 b6 3. Nc3 Bb7 4. e4 Bb4 5. Nge2 Bxe4
6. a3 Bxc3+ 7. Nxc3 Bb7 8. f3 Nc6 9. b4 Qh4+ 10. g3 Qxd4 11. Bb2 Nf6 12. Qe2
Qe5 13. Ne4 Nd4 14. Bxd4 Qxd4 15. Rd1 Qe5 16. Bg2 Nxe4 17. fxe4 f5 18. O-O Bxe4
19. Bxe4 fxe4 20. Rfe1 O-O-O 21. c5 Kb7 22. Qxe4+ Qxe4 23. Rxe4 Rhf8 24. Kg2
Kc8 25. cxb6 axb6 26. a4 Kb7 27. Ra1 Rf5 28. a5 Ra8 29. g4 Rd5 0-1

[Event "Coupe 2000 Phase Ligue"]
[Site "?"]
[Date "2003.02.23"]
[Round "1.52"]
[White "Davard, Christophe"]
[Black "Valet, Godeffroy"]
[Result "0-1"]
[WhiteElo "1650"]
[BlackElo "1750"]
[PlyCount "92"]
[EventDate "2003.??.??"]

{PARTIES AU SYSTEME MOLTER  BREINL A   1499  0-1   KIZILIAN E   1870  DAVARD C
1650  0-1   VALET G   1750  VALJAN B   1740  X-X   BION N   1470  BARNES P  
1490  0-1   CHABAS J-L   1630  MIALON F   1280  0-1   MURER J   1300  FORFAIT 
0F-1F   DORAN N   1470    } 1. d4 d5 2. Bf4 f6 3. Nf3 Bf5 4. c3 Nc6 5. e3 e6 6.
Nh4 Bxb1 7. Rxb1 g5 8. Qh5+ Kd7 9. Ng6 Nh6 10. Nxh8 gxf4 11. Nf7 Qe8 12. exf4
Qxf7 13. Qh3 Qg6 14. Bd3 f5 15. g3 Qg4 16. Qg2 Bd6 17. O-O Rg8 18. f3 Qg7 19.
Qd2 Nf7 20. Rf2 h5 21. Rg2 Ne7 22. Re1 c5 23. Bb5+ Nc6 24. Qe3 Nfd8 25. dxc5
Bc7 26. a4 b6 27. b4 bxc5 28. bxc5 Ba5 29. Rc2 h4 30. Ree2 hxg3 31. hxg3 Rh8
32. Rg2 Rh6 33. g4 Qh8 34. Qe2 Rh1+ 35. Kf2 Qh4+ 36. Ke3 Re1 37. Rh2 Rxe2+ 38.
Rcxe2 Qe7 39. gxf5 Qxc5+ 40. Kd2 Qxc3+ 41. Kd1 Qa1+ 42. Kc2 Kd6 43. Bxc6 Kxc6
44. fxe6 Qxa4+ 45. Kd3 Qb3+ 46. Kd4 Qc3# 0-1

[Event "Coupe 2000 Phase Ligue"]
[Site "?"]
[Date "2003.02.23"]
[Round "1.53"]
[White "Valjan, Berislav"]
[Black "Bion, Nicolas"]
[Result "1/2-1/2"]
[WhiteElo "1740"]
[BlackElo "1470"]
[PlyCount "119"]
[EventDate "2003.??.??"]

{PARTIES AU SYSTEME MOLTER  BREINL A   1499  0-1   KIZILIAN E   1870  DAVARD C
1650  0-1   VALET G   1750  VALJAN B   1740  X-X   BION N   1470  BARNES P  
1490  0-1   CHABAS J-L   1630  MIALON F   1280  0-1   MURER J   1300  FORFAIT 
0F-1F   DORAN N   1470    } 1. d4 d5 2. Bf4 Nf6 3. e3 e6 4. Bd3 c5 5. c3 Be7 6.
Nf3 Nbd7 7. Nbd2 c4 8. Bc2 Nb6 9. Ne5 Nfd7 10. Qg4 g5 11. Qh5 Nxe5 12. Bxe5 Bf6
13. Nf3 h6 14. Bxf6 Qxf6 15. Ne5 Nd7 16. Ba4 Ke7 17. Bxd7 Bxd7 18. O-O Raf8 19.
b4 cxb3 20. axb3 a6 21. c4 Qf5 22. Rfc1 Be8 23. Qe2 f6 24. Nd3 Bg6 25. Nc5 dxc4
26. bxc4 g4 27. Nxb7 Bh5 28. Qd2 g3 29. hxg3 Rb8 30. Qb4+ Kf7 31. Rxa6 Kg6 32.
Qe7 Rhe8 33. Qd7 Qd3 34. Nd6 Rf8 35. Qxe6 Rb1 36. Rxb1 Qxb1+ 37. Kh2 Qd3 38.
Qe4+ Qxe4 39. Nxe4 Be2 40. c5 Bxa6 41. Nd6 Ra8 42. c6 f5 43. Kh3 Kf6 44. g4 Ke6
45. Nxf5 h5 46. Ng7+ Kd6 47. gxh5 Kxc6 48. g4 Bf1+ 49. Kh4 Ra2 50. f3 Rh2+ 51.
Kg3 Rh3+ 52. Kf4 Be2 53. Nf5 Rxf3+ 54. Kg5 Bd3 55. h6 Bxf5 56. gxf5 Rg3+ 57.
Kh5 Rxe3 58. h7 Rh3+ 59. Kg6 Rg3+ 60. Kf7 1/2-1/2

[Event "Coupe 2000 Phase Ligue"]
[Site "?"]
[Date "2003.02.23"]
[Round "1.54"]
[White "Barnes, Pierrick"]
[Black "Chabas, Jean-Luc"]
[Result "0-1"]
[WhiteElo "1490"]
[BlackElo "1630"]
[PlyCount "100"]
[EventDate "2003.??.??"]

{PARTIES AU SYSTEME MOLTER  BREINL A   1499  0-1   KIZILIAN E   1870  DAVARD C
1650  0-1   VALET G   1750  VALJAN B   1740  X-X   BION N   1470  BARNES P  
1490  0-1   CHABAS J-L   1630  MIALON F   1280  0-1   MURER J   1300  FORFAIT 
0F-1F   DORAN N   1470    } 1. b3 d5 2. Bb2 c5 3. e3 e6 4. Nf3 Nf6 5. d4 Nc6 6.
Bb5 a6 7. Bxc6+ bxc6 8. Ne5 Bb7 9. Nd2 Be7 10. O-O O-O 11. Re1 cxd4 12. exd4 c5
13. c3 Rc8 14. Rc1 Qa5 15. a4 Rc7 16. Ba3 Qb6 17. Kf1 Rfc8 18. Ndf3 a5 19. Rb1
Qa6+ 20. c4 Ne4 21. Qd3 Qa7 22. Rec1 Ba6 23. Ke1 Qa8 24. g3 Bb7 25. Nd2 Nf6 26.
f3 Qa7 27. Kd1 Bf8 28. g4 cxd4 29. Bxf8 Kxf8 30. g5 Ne8 31. Qxh7 Ba6 32. Qd3
Bb7 33. f4 Qa8 34. Qxd4 Nd6 35. c5 Nf5 36. Qf2 Qa6 37. Qf1 Ne3+ 38. Ke1 Nxf1
39. Nxf1 Rxc5 40. Nd7+ Kg8 41. Rxc5 Qd6 42. Rxc8+ Bxc8 43. Ne5 Qb4+ 44. Kd1
Qd4+ 45. Ke1 Qxf4 46. Nc6 Qe4+ 47. Kf2 Qxb1 48. Ne7+ Kf8 49. Nxc8 Qxb3 50. Kg1
Qxa4 0-1

[Event "Coupe 2000 Phase Ligue"]
[Site "?"]
[Date "2003.02.23"]
[Round "1.55"]
[White "Mialon, Franck"]
[Black "Murer, Jacques"]
[Result "0-1"]
[WhiteElo "1280"]
[BlackElo "1300"]
[PlyCount "69"]
[EventDate "2003.??.??"]

{PARTIES AU SYSTEME MOLTER  BREINL A   1499  0-1   KIZILIAN E   1870  DAVARD C
1650  0-1   VALET G   1750  VALJAN B   1740  X-X   BION N   1470  BARNES P  
1490  0-1   CHABAS J-L   1630  MIALON F   1280  0-1   MURER J   1300  FORFAIT 
0F-1F   DORAN N   1470    } 1. e4 c5 2. Nf3 e6 3. d4 Be7 4. Be3 Nf6 5. e5 Nd5
6. Qd2 cxd4 7. Bxd4 Nc6 8. a3 Nxd4 9. Nxd4 a6 10. Nc3 Bg5 11. Qd3 b5 12. Nxd5
exd5 13. Be2 Bb7 14. O-O O-O 15. Qh3 Bc6 16. Bd3 g6 17. f4 Be7 18. Qh6 Bc5 19.
c3 Bxd4+ 20. cxd4 f5 21. Rf3 Qe7 22. Rg3 d6 23. Re1 Rae8 24. Ree3 Bd7 25. e6
Bxe6 26. h4 Qf7 27. h5 Qg7 28. Qxg7+ Kxg7 29. hxg6 hxg6 30. Rg5 Bd7 31. Rf3 Rf6
32. b3 Bc8 33. a4 bxa4 34. bxa4 Bd7 35. Bxa6 0-1